NBA 6th Man of The Year - Statistics

General Stats
  • This quiz has been taken 23 times
    17 since last reset
  • The average score is 11 of 41
Answer Stats
Year Team Player % Correct
2022 Heat Tyler Herro
71%
2019 Clippers Lou Williams
64%
2018 Clippers Lou Williams
64%
2015 Raptors Lou Williams
64%
2008 Spurs Manu Ginobili
64%
2016 Clippers Jamal Crawford
50%
2014 Clippers Jamal Crawford
50%
2010 Hawks Jamal Crawford
50%
2017 Rockets Eric Gordon
43%
2012 Thunder James Harden
43%
2005 Bulls Ben Gordon
36%
2021 Jazz Jordan Clarkson
36%
2013 Knicks JR Smith
36%
2023 Celtics Malcolm Brogdon
36%
2003 Kings Bobby Jackson
29%
2011 Lakers Lamar Odom
29%
1996 Bulls Toni Kukoc
29%
1986 Celtics Bill Walton
21%
1983 76ers Bobby Jones
21%
1985 Celtics Kevin McHale
21%
1984 Celtics Kevin McHale
21%
2006 Grizzlies Mike Miller
21%
2001 76ers Aaron McKie
14%
1993 Trail Blazers Clifford Robinson
14%
1998 Suns Danny Manning
14%
1994 Hornets Dell Curry
14%
1989 Suns Eddie Johnson
14%
2009 Mavericks Jason Terry
14%
2007 Suns Leandro Barbosa
14%
2020 Clippers Montrez Harrell
14%
2004 Mavericks Antawn Jamison
7%
2002 Pistons Corliss Williamson
7%
1997 Knicks John Starks
7%
1990 Bucks Ricky Pierce
7%
1987 Bucks Ricky Pierce
7%
2000 Suns Rodney Rogers
7%
1995 Knicks Anthony Mason
0%
1999 Magic Darrell Armstrong
0%
1992 Pacers Detlef Schrempf
0%
1991 Pacers Detlef Schrempf
0%
1988 Mavericks Roy Tarpley
0%
No matching quizzes found
Score Distribution
Percent of People with Each Score
Percentile by Number Answered
Your Score History
You have not taken this quiz since the last reset